Bible symbols. (Record no. 3464)

000 -LEADER
fixed length control field 00568nam a2200193 a 4500
001 - CONTROL NUMBER
control field :::00001195$&:&@@
003 - CONTROL NUMBER IDENTIFIER
control field OkBaRHE
005 - DATE AND TIME OF LATEST TRANSACTION
control field 20000607103242.0
008 - FIXED-LENGTH DATA ELEMENTS--GENERAL INFORMATION
fixed length control field s1904 j 000 0 eng u
040 ## - CATALOGING SOURCE
Transcribing agency
100 1# - MAIN ENTRY--PERSONAL NAME
Personal name Van Marter, Martha.
245 10 - TITLE STATEMENT
Title Bible symbols.
260 ## - PUBLICATION, DISTRIBUTION, ETC. (IMPRINT)
Place of publication, distribution, etc Chicago, IL., :
Name of publisher, distributor, etc John A. Hertel Co.
Date of publication, distribution, etc c1904
300 ## - PHYSICAL DESCRIPTION
Extent 239 p. : illus. ;
Dimensions 23 cm.
650 ## - SUBJECT ADDED ENTRY--TOPICAL TERM
Topical term or geographic name as entry element Bible Stories
650 ## - SUBJECT ADDED ENTRY--TOPICAL TERM
Topical term or geographic name as entry element Children's Stories
942 ## - ADDED ENTRY ELEMENTS (KOHA)
Source of classification or shelving scheme
Koha item type Books
Copies
Withdrawn status Not for loan Damaged status Lost status Source of classification or shelving scheme Copy number Current Location Shelving location Koha item type Date acquired Permanent Location Date last seen Price effective from Full call number Barcode
   Missing 1RHEMA Bible Training CollegeGeneral StacksBooks2010-04-14RHEMA Bible Training College2018-02-222010-04-14BS 551.2 .V3331195